000 00804nam a2200217 a 4500
001 000036297
005 20200930075643.0
008 120112s1988 dr 000 p spa d
040 _aDO-SdBNP
_bspa
_cBNPHU
082 _aPr863. 44
_bF314i
100 1 _aFeliciano Mendoza, Ester.
_914245
245 1 0 _aIslamar :
_bpoemas y cuentos /
_cEster Feliciano Mendoza ; portada e ilustraciones de Ana Victoria Vidal.
260 _aSanto Domingo :
_bInstituto de Cultura Puertorriqueña,
_c1988.
300 _a96 p. ;
_c27 cm.
490 1 _aLiteratura infantil
650 4 _aCuentos puertoriqueños .
_xColecciones
_962431
650 4 _aPoesía puertoriqueña
_xCoecciones
_962432
650 4 _aLiteratura puertoriqueña
_96540
830 0 _aLiteratura infantil
_962433
910 _aValidado. Control de calidad MFF
999 _c35788
_d35788